书目信息 |
| 题名: |
修辞的社会心理分析
|
|
| 作者: | 孙汝建 著 | |
| 分册: | ||
| 出版信息: | 上海 上海外语教育出版社 2006.02 |
|
| 页数: | 178页 | |
| 开本: | 20cm | |
| 丛书名: | 21世纪修辞学丛书 | |
| 单 册: | ||
| 中图分类: | H15 | |
| 科图分类: | ||
| 主题词: | 汉语--han yu--修辞--社会心理--分析 | |
| 电子资源: | ||
| ISBN: | 7-81095-757-0 | |
| 000 | 00967nam 2200265 450 | |
| 001 | 012006691516 | |
| 005 | 20070612155537.61 | |
| 010 | @a7-81095-757-0@dCNY11.00 | |
| 100 | @a20061214d2006 km y0chiy0120 ea | |
| 101 | 0 | @achi |
| 102 | @aCN@b310000 | |
| 105 | @ay z 000yy | |
| 200 | 1 | @a修辞的社会心理分析@Axiu ci de she hui xin li fen xi@d= Sociopsychological analysis of rhetoric@f孙汝建著@Fsun ru jian zhu@zeng |
| 210 | @a上海@c上海外语教育出版社@d2006.02 | |
| 215 | @a178页@d20cm | |
| 225 | 2 | @a21世纪修辞学丛书@A21 shi ji xiu ci xue cong shu |
| 304 | @a中国修辞学会组织编写 | |
| 330 | @a本书主要讲述了社会心理修辞学的建构、塔布心理对修辞的影响、话语的社会心理基础、劝说理论与技巧等内容。 | |
| 410 | 0 | @12001 @a21世纪修辞学丛书 |
| 510 | 1 | @aSociopsychological analysis of rhetoric@zeng |
| 606 | 0 | @a汉语@Ahan yu@x修辞@x社会心理@x分析 |
| 690 | @aH15@v4 | |
| 701 | 0 | @a孙汝建@Asun ru jian@4著 |
| 801 | 0 | @aCN@c20070612 |
| 905 | @a10447@dH15@eS932 | |
| 修辞的社会心理分析= Sociopsychological analysis of rhetoric/孙汝建著.-上海:上海外语教育出版社,2006.02 |
| 178页;20cm.-(21世纪修辞学丛书) |
| ISBN 7-81095-757-0:CNY11.00 |
| 本书主要讲述了社会心理修辞学的建构、塔布心理对修辞的影响、话语的社会心理基础、劝说理论与技巧等内容。 |
| ● |
| 相关链接 |
|
|
|
正题名:修辞的社会心理分析
索取号:H15/S932
 
预约/预借
| 序号 | 登录号 | 条形码 | 馆藏地/架位号 | 状态 | 备注 |
| 1 | 232302 | 202323020 | 语言库209/209语言库 74排1列1层/ [索取号:H15/S932] | 在馆 | |
| 2 | 232303 | 202323039 | 语言库209/209语言库 74排1列1层/ [索取号:H15/S932] | 在馆 | |
| 3 | 232304 | 202323048 | 语言库209/209语言库 74排1列1层/ [索取号:H15/S932] | 在馆 |